Préparation de sortie du malade du service de psychiatrie selon le rituel de réconciliation du «sin tun tun» (notice n° 1774076)

détails MARC
000 -LEADER
fixed length control field 02950cam a2200361 4500500
005 - DATE AND TIME OF LATEST TRANSACTION
control field 20260322012607.0
041 ## - LANGUAGE CODE
Language code of text/sound track or separate title fre
042 ## - AUTHENTICATION CODE
Authentication code dc
100 10 - MAIN ENTRY--PERSONAL NAME
Personal name Djldonou, Anselme
Relator term author
245 00 - TITLE STATEMENT
Title Préparation de sortie du malade du service de psychiatrie selon le rituel de réconciliation du «sin tun tun»
260 ## - PUBLICATION, DISTRIBUTION, ETC.
Date of publication, distribution, etc. 2015.<br/>
500 ## - GENERAL NOTE
General note 51
520 ## - SUMMARY, ETC.
Summary, etc. Dans l’ère culturelle Aja Fɔn au Bénin, le rituel traditionnel de réconciliation du «Sin Tun Tun» est d’usage courant pour traiter le «FiɔFiɔ» ; troubles physiques et psychologiques du nouveau-né ou du nourrisson pris dans la tourmente conflictuelle des parents géniteurs. Il est également exécuté pour traiter les transactions discordantes entre les individus au sein de la communauté. Son recours populaire pour réconcilier les personnes en conflit a inspiré son adaptation à la préparation de sortie du malade à la fin de sa cure dans le service de psychiatrie du Centre Hospitalier Universitaire Départemental du Borgou (CHUD/B) à Parakou au Bénin et au Centre National Hospitalier Universitaire de Psychiatrie (CNHUP) Cotonou, Bénin. L’objectif de ce travail était de présenter le cadre traditionnel du «Sin Tun Tun» inspirant les temps forts de la préparation de sortie du malade.
520 ## - SUMMARY, ETC.
Summary, etc. In cultural era “Aja Fɔn” in Benin, the traditional ritual of reconciliation “Sin Tun Tun” is commonly used to treat “FiɔFiɔ” ; physical and psychological disorders of the newborn or infant burnt by biological parents conflict. It is also performed to treat discordant transactions between individuals within the community. Its popular use to reconcile people in conflict inspired its adaptation to patient discharge planning at the end of his treatment in the psychiatric ward of the University Departmental Hospital of Borgou (CHUD / B) in Parakou in Benin and in University National Hospital Centre of Psychiatry (CNHUP) Cotonou, Benin. The objective of this work was to present the traditional setting of “Sin Tun Tun” inspiring highlights of patient hospital discharge preparation.
690 ## - LOCAL SUBJECT ADDED ENTRY--TOPICAL TERM (OCLC, RLIN)
Topical term or geographic name as entry element «Fiɔfiɔ»
690 ## - LOCAL SUBJECT ADDED ENTRY--TOPICAL TERM (OCLC, RLIN)
Topical term or geographic name as entry element «Sin Tun Tun»
690 ## - LOCAL SUBJECT ADDED ENTRY--TOPICAL TERM (OCLC, RLIN)
Topical term or geographic name as entry element Préparation de sortie
690 ## - LOCAL SUBJECT ADDED ENTRY--TOPICAL TERM (OCLC, RLIN)
Topical term or geographic name as entry element Psychiatrie-Bénin
690 ## - LOCAL SUBJECT ADDED ENTRY--TOPICAL TERM (OCLC, RLIN)
Topical term or geographic name as entry element rituel de réconciliation
690 ## - LOCAL SUBJECT ADDED ENTRY--TOPICAL TERM (OCLC, RLIN)
Topical term or geographic name as entry element « Sin Tun Tun» «FiɔFiɔ»
690 ## - LOCAL SUBJECT ADDED ENTRY--TOPICAL TERM (OCLC, RLIN)
Topical term or geographic name as entry element patient hospital discharge preparation
690 ## - LOCAL SUBJECT ADDED ENTRY--TOPICAL TERM (OCLC, RLIN)
Topical term or geographic name as entry element Psychiatry-Benin
690 ## - LOCAL SUBJECT ADDED ENTRY--TOPICAL TERM (OCLC, RLIN)
Topical term or geographic name as entry element reconciliation ritual
700 10 - ADDED ENTRY--PERSONAL NAME
Personal name Tognon Tchegnonsi, Francis
Relator term author
700 10 - ADDED ENTRY--PERSONAL NAME
Personal name Fiossi-Kpadonou, Émilie
Relator term author
700 10 - ADDED ENTRY--PERSONAL NAME
Personal name Gansou, Grégoire Magloire
Relator term author
700 10 - ADDED ENTRY--PERSONAL NAME
Personal name Kouassi <br/>Satondji, Raoul
Relator term author
700 10 - ADDED ENTRY--PERSONAL NAME
Personal name Hers, Denis
Relator term author
700 10 - ADDED ENTRY--PERSONAL NAME
Personal name Gandaho, Prosper
Relator term author
700 10 - ADDED ENTRY--PERSONAL NAME
Personal name Agossou, Thérèse
Relator term author
786 0# - DATA SOURCE ENTRY
Note Psy Cause | 68 | 1 | 2015-01-20 | p. 57-62 | 1245-2394
856 41 - ELECTRONIC LOCATION AND ACCESS
Uniform Resource Identifier <a href="https://shs.cairn.info/revue-psy-cause-2015-1-page-57?lang=fr&redirect-ssocas=7080">https://shs.cairn.info/revue-psy-cause-2015-1-page-57?lang=fr&redirect-ssocas=7080</a>

Pas d'exemplaire disponible.

PLUDOC

PLUDOC est la plateforme unique et centralisée de gestion des bibliothèques physiques et numériques de Guinée administré par le CEDUST. Elle est la plus grande base de données de ressources documentaires pour les Étudiants, Enseignants chercheurs et Chercheurs de Guinée.

Adresse

627 919 101/664 919 101

25 boulevard du commerce
Kaloum, Conakry, Guinée

Réseaux sociaux

Powered by Netsen Group @ 2025